<?xml version="1.0" encoding="UTF-8"?>
<collection xmlns="http://www.loc.gov/MARC21/slim">
 <record>
  <leader>01170pamaa2200241   4500</leader>
  <controlfield tag="001">0000046891</controlfield>
  <controlfield tag="005">20121206090000.0</controlfield>
  <controlfield tag="008">100326                             eng  </controlfield>
  <datafield tag="020" ind1="0" ind2="0">
   <subfield code="a">9781413001907 (CD-ROM) </subfield>
  </datafield>
  <datafield tag="090" ind1="0" ind2="0">
   <subfield code="a">PC2129.E5 </subfield>
   <subfield code="b">BRA 2004</subfield>
  </datafield>
  <datafield tag="100" ind1="1" ind2="0">
   <subfield code="a">Bragger </subfield>
  </datafield>
  <datafield tag="245" ind1="1" ind2="0">
   <subfield code="a">Allons-y! : </subfield>
   <subfield code="b">le franȧis par ťapes [</subfield>
   <subfield code="m">CD-ROM]  </subfield>
   <subfield code="c">Jeannette D. Bragger, Donald B. Rice.</subfield>
  </datafield>
  <datafield tag="250" ind1="0" ind2="0">
   <subfield code="a">6th ed.</subfield>
  </datafield>
  <datafield tag="260" ind1="0" ind2="0">
   <subfield code="a">Boston, Mass.: </subfield>
   <subfield code="b">Thomson Heinle, </subfield>
   <subfield code="c">2004.</subfield>
  </datafield>
  <datafield tag="300" ind1=" " ind2=" ">
   <subfield code="a">2 CD-ROM; </subfield>
   <subfield code="c">4.5 inch.</subfield>
  </datafield>
  <datafield tag="500" ind1="0" ind2="0">
   <subfield code="a">To accompany textbook title &quot;Allons-y! : le franȧis par ťapes / Jeannette D. Bragger, Donald B. Rice&quot;</subfield>
  </datafield>
  <datafield tag="500" ind1="0" ind2="0">
   <subfield code="a">CD 1 of 2 Chapitre prel : Tracks 1-2, Chapitre 1 : tract 3-10, Chapitre 2 : tract 11-17, Chapitre 3 : tract 18-25, Chapitre 4 : tract 26-33, Chapitre 5 : tract 34-43, Chapitre 6 : tract 44-51, Chapitre 7 : tract 52-60</subfield>
  </datafield>
  <datafield tag="500" ind1="0" ind2="0">
   <subfield code="a">CD 2 of 2, Chapitre 8 : tract 1-8, Chapitre 9 : tract 9-17, Chapitre 10 : tract 18-25, Chapitre 11 : tract 26-33, Chapitre 12 : tract 37-44</subfield>
  </datafield>
  <datafield tag="501" ind1="0" ind2="0">
   <subfield code="a">AUP</subfield>
  </datafield>
  <datafield tag="504" ind1="0" ind2="0">
   <subfield code="a">Includes index</subfield>
  </datafield>
  <datafield tag="650" ind1="0" ind2="0">
   <subfield code="a">French language -- </subfield>
   <subfield code="x">Textbooks for foreign speakers -- </subfield>
   <subfield code="x">English </subfield>
  </datafield>
  <datafield tag="700" ind1="1" ind2="1">
   <subfield code="a">Rice, </subfield>
   <subfield code="h">Donald </subfield>
  </datafield>
  <datafield tag="901" ind1=" " ind2=" ">
   <subfield code="u">www.ichapters.com</subfield>
  </datafield>
 </record>
</collection>
